Países con los datos más altos de Covid-19 en un día - Estadísticas

Estadísticas generales
  • Esta prueba ha sido intentada 53 veces
  • La puntuación promedio es 15 de 21
Estadísticas de respuestas
país % Correcto
España
100%
Estados Unidos
96%
Rusia
96%
Francia
94%
Italia
94%
Alemania
92%
Reino Unido
92%
Brasil
90%
India
88%
México
88%
Canadá
80%
Perú
71%
Chile
67%
Suecia
63%
Turquía
63%
Bélgica
55%
Irán
55%
Pakistán
43%
Arabia Saudita
37%
Bangladés
29%
Catar
10%
No se encontraron pruebas coincidentes
Distribución de puntuación
Porcentaje de gente con cada puntuación
Porcentaje por número respondido
Historial de tus puntuaciones
No has intentado esta prueba.